عرض عادي
عرض مارك
- Varzi, Achille C.
مدخل إسم شخص
001 - رقم الضبط
- حقل الضبط: 40086
003 - معرف رقم الضبط
- حقل الضبط: OSt
005 - تاريخ ووقت أخر عملية
- حقل الضبط: 20131116175541.0
008 - عناصر بيانات ثابتة الطول
- حقل تحكم ثابت الطول: 131116|||a|||||| | ||| d
040 ## - مصدر الفهرسة
- هيئة الفهرسة الأصلية: OSt
- وكالة الكتابة: OSt
100 ## - مدخل -- أسم شخص
- إسم شخص: Varzi, Achille C.
670 ## - بيانات المصدر موجوده
- الاستشهاد بالمصدر: Work cat.: (OSt)0: Nolt, John, 1950- 40084, Logic /, c2011.
